[Event "4NCL/2001-02/D3/MK-BRI2"]
[Site "Rd06-Birmingham"]
[Date "2002.01.20"]
[Round "6.2"]
[White "Buckley, David E"]
[Black "Ioannides, Milton"]
[Result "1/2-1/2"]
[WhiteElo "2192"]
[BlackElo "2092"]
[PlyCount "59"]
[EventDate "2002.01.20"]
[EventCountry "ENG"]
[SourceTitle "BritBase"]
[Source "John Saunders"]
[SourceDate "2024.10.24"]
[SourceVersion "1"]
[SourceVersionDate "2024.10.24"]
[SourceQuality "1"]
[WhiteTeam "Bristol 2"]
[BlackTeam "Milton Keynes"]
[WhiteTeamCountry "ENG"]
[BlackTeamCountry "ENG"]

1. e4 c5 2. Nc3 d6 3. Nf3 Nf6 4. d4 cxd4 5. Nxd4 a6 6. Bg5 e6 7. f4 Be7 8. Qf3 Nbd7 9. O-O-O Qc7 10. Be2 b5 11. Bxf6 Nxf6 12. e5 Bb7 13. exf6 Bxf3 14. Bxf3 Bxf6 15. Bxa8 Bxd4 16. Rxd4 d5 17. Bxd5 Qc5 18. Re4 b4 19. Rc4 Qe3+ 20. Kb1 O-O 21. Bb7 bxc3 22. Rxc3 Qxf4 23. Bxa6 Qe4 24. Rf3 Rb8 25. b3 Qa8 26. Bc4 Qa3 27. c3 Qc5 28. Ka1 g6 29. Rhf1 Rb7 30. Rd1 1/2-1/2

[Event "4NCL/2001-02/D3/MK-BRI2"]
[Site "Rd06-Birmingham"]
[Date "2002.01.20"]
[Round "6.3"]
[White "Smith, Graham M"]
[Black "Dilleigh, Stephen P"]
[Result "0-1"]
[WhiteElo "1992"]
[BlackElo "2173"]
[PlyCount "48"]
[EventDate "2002.01.20"]
[EventCountry "ENG"]
[SourceTitle "BritBase"]
[Source "John Saunders"]
[SourceDate "2024.10.24"]
[SourceVersion "1"]
[SourceVersionDate "2024.10.24"]
[SourceQuality "1"]
[WhiteTeam "Milton Keynes"]
[BlackTeam "Bristol 2"]
[WhiteTeamCountry "ENG"]
[BlackTeamCountry "ENG"]

1. e4 g6 2. d4 Bg7 3. Nc3 d6 4. Be3 c6 5. Qd2 b5 6. Bd3 Nd7 7. f4 Ngf6 8. Nf3 O-O 9. h3 Nb6 10. b3 Bb7 11. Rd1 Qc7 12. O-O b4 13. Ne2 c5 14. e5 Nfd5 15. Bf2 c4 16. Be4 Rad8 17. g4 Nc3 18. Bxb7 Nxd1 19. exd6 exd6 20. Bh4 Rde8 21. Ba6 Ne3 22. Re1 Qc6 23. Kf2 f5 24. Ne5 Qg2+ 0-1

[Event "4NCL/2001-02/D3/MK-BRI2"]
[Site "Rd06-Birmingham"]
[Date "2002.01.20"]
[Round "6.4"]
[White "Easton, Alex"]
[Black "Freeman, Richard CP"]
[Result "0-1"]
[WhiteElo "2139"]
[BlackElo "2011"]
[PlyCount "156"]
[EventDate "2002.01.20"]
[EventCountry "ENG"]
[SourceTitle "BritBase"]
[Source "John Saunders"]
[SourceDate "2024.10.24"]
[SourceVersion "1"]
[SourceVersionDate "2024.10.24"]
[SourceQuality "1"]
[WhiteTeam "Bristol 2"]
[BlackTeam "Milton Keynes"]
[WhiteTeamCountry "ENG"]
[BlackTeamCountry "ENG"]

1. Nf3 g6 2. c4 Bg7 3. Nc3 d6 4. d4 e5 5. e4 exd4 6. Nxd4 Nc6 7. Be3 Nge7 8. Be2 O-O 9. h4 Nxd4 10. Bxd4 Bxd4 11. Qxd4 Nc6 12. Qd2 Be6 13. h5 Qf6 14. f3 Ne5 15. b3 g5 16. h6 Kh8 17. O-O-O Rg8 {(=)} 18. g3 Nc6 19. Kb1 Rg6 20. f4 gxf4 21. gxf4 Rxh6 22. Bd3 Bg4 23. Rdg1 Rxh1 24. Rxh1 h5 25. Nd5 Qd4 26. e5 Kg7 27. f5 Nxe5 28. Qg5+ Kf8 29. Qe7+ Kg7 30. Qg5+ Kf8 31. Bc2 c6 32. Qe7+ Kg7 33. Qg5+ Kf8 34. Qh6+ Ke8 35. Qh8+ Kd7 36. Qxa8 cxd5 37. Qxb7+ Kd8 38. Qa8+ Ke7 39. Qb7+ Kf6 40. Qxd5 Qxd5 41. cxd5 Nf3 42. b4 Ke5 43. a4 Nd4 44. Bd1 Nxf5 45. Kb2 Ne3 46. Bb3 Nxd5 47. b5 f5 48. a5 f4 49. Rc1 Bf3 50. Rf1 Be4 51. Bd1 Ne3 52. Re1 Nxd1+ 53. Rxd1 f3 54. Re1 Kf4 55. Rxe4+ Kxe4 56. b6 axb6 57. a6 f2 58. a7 f1=Q 59. a8=Q+ Ke3 60. Qe8+ Kd2 61. Qc6 Qf6+ 62. Kb3 Qe6+ 63. Kb2 Qe5+ 64. Kb3 Qe3+ 65. Kb2 Qc5 66. Qg2+ Kd3 67. Qf1+ Kd4 68. Qd1+ Ke4 69. Qh1+ Kf4 70. Qh4+ Kf3 71. Qh3+ Ke4 72. Qh1+ Ke3 73. Qh3+ Ke2 74. Qh2+ Qf2 75. Qxd6 Kf1+ 76. Kb3 h4 77. Qd5 Kg1 78. Ka4 Qc2+ 0-1

[Event "4NCL/2001-02/D3/MK-BRI2"]
[Site "Rd06-Birmingham"]
[Date "2002.01.20"]
[Round "6.5"]
[White "Kendall, Paul Stephen N"]
[Black "Rudd, Jack"]
[Result "1/2-1/2"]
[WhiteElo "1968"]
[BlackElo "2135"]
[PlyCount "72"]
[EventDate "2002.01.20"]
[EventCountry "ENG"]
[SourceTitle "BritBase"]
[Source "John Saunders"]
[SourceDate "2024.10.24"]
[SourceVersion "1"]
[SourceVersionDate "2024.10.24"]
[SourceQuality "1"]
[WhiteTeam "Milton Keynes"]
[BlackTeam "Bristol 2"]
[WhiteTeamCountry "ENG"]
[BlackTeamCountry "ENG"]

1. e4 c5 2. Nf3 d6 3. Bb5+ Bd7 4. Bxd7+ Qxd7 5. c4 Nc6 6. Nc3 g6 7. a3 Bg7 8. Rb1 e6 9. O-O Nge7 10. b4 O-O 11. Qb3 b6 12. d3 f5 13. exf5 Rxf5 14. Ng5 Raf8 15. Ne2 Nd4 16. Qa2 Nec6 17. Ng3 Re8 18. N5e4 Rff8 19. Be3 {(=)} Kh8 20. bxc5 dxc5 21. Qd2 Ne5 22. Kh1 Nf5 23. Bf4 Qxd3 24. Bxe5 Nxg3+ 25. hxg3 Qxe4 26. Bxg7+ Kxg7 27. Qd7+ Kh6 28. Qxa7 Qxc4 29. Qxb6 Rf5 30. Rbc1 Qd3 31. a4 Rd8 32. Qxe6 Rd4 33. a5 Qd2 34. a6 Rxf2 35. a7 Ra4 36. Qe7 Qe2 1/2-1/2

[Event "4NCL/2001-02/D3/MK-BRI2"]
[Site "Rd06-Birmingham"]
[Date "2002.01.20"]
[Round "6.6"]
[White "Curtis, John"]
[Black "Griffiths, Adele"]
[Result "1-0"]
[WhiteElo "2118"]
[BlackElo "2005"]
[PlyCount "127"]
[EventDate "2002.01.20"]
[EventCountry "ENG"]
[SourceTitle "BritBase"]
[Source "John Saunders"]
[SourceDate "2024.10.24"]
[SourceVersion "1"]
[SourceVersionDate "2024.10.24"]
[SourceQuality "1"]
[WhiteTeam "Bristol 2"]
[BlackTeam "Milton Keynes"]
[WhiteTeamCountry "ENG"]
[BlackTeamCountry "ENG"]

1. d4 Nf6 2. Nf3 g6 3. Bf4 Bg7 4. e3 d6 5. h3 O-O 6. Nbd2 Nbd7 7. Bc4 a6 8. a4 c5 9. O-O Qb6 10. Bb3 Qc6 11. Qe2 b6 12. c3 Bb7 13. Bh2 b5 14. Rfe1 Ne8 {(=)} 15. e4 c4 16. Bc2 e5 17. Rad1 exd4 18. Nxd4 Qb6 19. Nf1 Nc7 20. Ne3 Nc5 21. a5 Qxa5 22. Bxd6 Nxe4 23. Bxf8 Rxf8 24. Bxe4 Bxe4 25. Nxc4 bxc4 26. Qxe4 Qb6 27. Qe2 Qc5 28. Qe7 Qb6 29. Qd7 h5 30. Re7 Bxd4 31. Qxd4 Qc6 32. Qd6 Qxd6 33. Rxd6 Ne6 34. Rxa6 Rb8 35. Rc6 Rxb2 36. Rxc4 Rc2 37. Kf1 Kg7 38. Ke1 Kf6 39. Rd7 g5 40. g3 Kg6 41. Rd2 Rc1+ 42. Ke2 Rh1 43. h4 g4 44. Rd5 Ra1 45. Rc6 Ra4 46. Ke3 Ra1 47. Rc8 Re1+ 48. Kd2 Rf1 49. Ke2 Rc1 50. c4 Rc2+ 51. Ke3 Rc3+ 52. Rd3 Rc1 53. Rd2 Re1+ 54. Kd3 Kf5 55. c5 Re5 56. Kc4 Re4+ 57. Kd5 Ra4 58. c6 Kf6 59. Kd6 Ra7 60. Re8 Nc7 61. Rh8 Kg6 62. Rb2 Ne6 63. Re8 Kf6 64. Rxe6+ 1-0

[Event "4NCL/2001-02/D3/MK-BRI2"]
[Site "Rd06-Birmingham"]
[Date "2002.01.20"]
[Round "6.7"]
[White "Elwin, Adrian G"]
[Black "Frost, Nicholas A"]
[Result "1-0"]
[WhiteElo "1968"]
[BlackElo "2112"]
[PlyCount "117"]
[EventDate "2002.01.20"]
[EventCountry "ENG"]
[SourceTitle "BritBase"]
[Source "John Saunders"]
[SourceDate "2024.10.24"]
[SourceVersion "1"]
[SourceVersionDate "2024.10.24"]
[SourceQuality "1"]
[WhiteTeam "Milton Keynes"]
[BlackTeam "Bristol 2"]
[WhiteTeamCountry "ENG"]
[BlackTeamCountry "ENG"]

1. Nf3 e6 2. c4 b6 3. d4 Bb7 4. Nc3 f5 5. Bg5 Nf6 6. e3 Be7 7. Bd3 Ne4 8. Bxe7 Qxe7 9. Qc2 Nxc3 10. Qxc3 O-O 11. O-O-O c5 12. Kb1 cxd4 13. exd4 Nc6 14. d5 Nd8 15. Rhe1 Rc8 16. Qd4 Qf6 17. Qxf6 Rxf6 18. Nd4 a6 19. Rd2 Rc7 20. h3 Bc8 21. g4 fxg4 22. hxg4 Rf4 23. d6 Rc5 24. Nf5 Nc6 25. Ne3 Nd4 26. Rh1 g6 27. Rdd1 Bb7 28. Rh3 Bf3 29. Re1 Rc6 30. Nd5 Bxd5 31. cxd5 Rxd6 32. dxe6 dxe6 33. Bxa6 Nf3 34. Rc1 Ng5 35. Rhc3 Rxf2 36. Rc8+ Kg7 37. a4 Rf4 38. Bb5 Rxg4 39. R8c7+ Kf6 40. Rf1+ Ke5 41. Re1+ Re4 42. Rg1 Nf3 43. Rg3 Kf4 44. Rh3 Re1+ 45. Ka2 Ng5 46. Rh4+ Kf5 47. Rc2 Re3 48. b4 Re4 49. Rxe4 Nxe4 50. Kb3 h5 51. a5 bxa5 52. bxa5 Rd1 53. a6 Rb1+ 54. Ka4 h4 55. Ka5 Ra1+ 56. Ba4 h3 57. a7 Nc3 58. Rxc3 h2 59. Rh3 1-0

[Event "4NCL/2001-02/D3/MK-BRI2"]
[Site "Rd06-Birmingham"]
[Date "2002.01.20"]
[Round "6.8"]
[White "Wahl-Jorgensen, Karin"]
[Black "Thomas, Philip"]
[Result "0-1"]
[WhiteElo "1608"]
[BlackElo "1960"]
[PlyCount "76"]
[EventDate "2002.01.20"]
[EventCountry "ENG"]
[SourceTitle "BritBase"]
[Source "John Saunders"]
[SourceDate "2024.10.24"]
[SourceVersion "1"]
[SourceVersionDate "2024.10.24"]
[SourceQuality "1"]
[WhiteTeam "Bristol 2"]
[BlackTeam "Milton Keynes"]
[WhiteTeamCountry "ENG"]
[BlackTeamCountry "ENG"]

1. d4 f5 2. Nf3 Nf6 3. c4 e6 4. Nc3 d5 5. Bg5 c6 6. e3 Be7 7. cxd5 exd5 8. Bd3 O-O 9. Qc2 Ne4 10. Bxe7 Qxe7 11. O-O Be6 12. Ne5 Nd7 13. f4 Rf6 14. Bxe4 fxe4 15. Na4 Raf8 16. Nc5 Nxe5 17. fxe5 Rxf1+ 18. Rxf1 Rxf1+ 19. Kxf1 Bc8 20. Qf2 b6 21. Nb3 Ba6+ 22. Kg1 Qb4 23. e6 Qf8 24. Qf4 Qxf4 25. exf4 Bc8 26. f5 g6 27. g4 gxf5 28. gxf5 Kg7 29. Nd2 Kf6 30. Nf1 Kxf5 31. e7 Bd7 32. Ne3+ Ke6 33. Kf2 Kxe7 34. Kg3 Kd6 35. Kf4 c5 36. dxc5+ bxc5 37. Nc4+ dxc4 38. Kxe4 Bh3 0-1

[Event "4NCL/2001-02/D3/MSL-SCS"]
[Site "Rd06-Birmingham"]
[Date "2002.01.20"]
[Round "6.1"]
[White "Kenworthy, Gary"]
[Black "Greet, Andrew N"]
[Result "0-1"]
[WhiteElo "2274"]
[BlackElo "2245"]
[PlyCount "120"]
[EventDate "2002.01.20"]
[EventType "team-match"]
[EventCountry "ENG"]
[SourceTitle "BritBase"]
[Source "John Saunders"]
[SourceDate "2024.10.24"]
[SourceVersion "1"]
[SourceVersionDate "2024.10.24"]
[SourceQuality "1"]
[WhiteTeam "Mind Sports Ltd"]
[BlackTeam "Southern Counties Stars"]
[WhiteTeamCountry "ENG"]
[BlackTeamCountry "ENG"]

1. e4 c5 2. Nf3 Nc6 3. d4 cxd4 4. Nxd4 g6 5. c4 Bg7 6. Be3 Nf6 7. Nc3 Ng4 8. Qxg4 Nxd4 9. Qd1 Ne6 10. Qd2 Qa5 11. Rc1 {(=)} b6 12. Be2 Bb7 13. f3 h5 14. O-O g5 15. Rfd1 d6 16. Nd5 Qxd2 17. Rxd2 h4 18. Bd1 Be5 19. Ba4+ Kf8 20. Bd7 Nf4 21. Nxf4 gxf4 22. Bf2 Rd8 23. Bg4 e6 24. c5 Rc8 25. b4 Kg7 26. Rdc2 dxc5 27. bxc5 bxc5 28. Rxc5 Rxc5 29. Rxc5 Rd8 30. h3 Rd1+ 31. Kh2 Rf1 32. Rc2 Kg6 33. Bxa7 f5 34. exf5+ exf5 35. Bf2 fxg4 36. hxg4 h3 37. Re2 Bf6 38. Rc2 Rb1 39. Bc5 hxg2 40. Kxg2 Rb2 41. Rxb2 Bxb2 42. Bd6 Bc1 43. a4 Bc6 44. a5 Bb5 45. Bc7 Bd2 46. Bb6 Kf6 47. Kf2 Ke6 48. Kg2 Bd3 49. Kf2 Bc3 50. Kg2 Bf6 51. Bc7 Bg5 52. Bb8 Kd5 53. Bc7 Kd4 54. Bb6+ Kc3 55. Bc7 Kd2 56. Kf2 Ba6 57. Bd6 Bh4+ 58. Kg2 Ke3 59. Bc5+ Ke2 60. Bd6 Bg5 0-1

[Event "4NCL/2001-02/D3/MSL-SCS"]
[Site "Rd06-Birmingham"]
[Date "2002.01.20"]
[Round "6.2"]
[White "Edwards, David"]
[Black "Reuben, Stewart"]
[Result "1-0"]
[WhiteElo "2189"]
[BlackElo "2168"]
[PlyCount "61"]
[EventDate "2002.01.20"]
[EventType "team-match"]
[EventCountry "ENG"]
[SourceTitle "BritBase"]
[Source "John Saunders"]
[SourceDate "2024.10.24"]
[SourceVersion "1"]
[SourceVersionDate "2024.10.24"]
[SourceQuality "1"]
[WhiteTeam "Southern Counties Stars"]
[BlackTeam "Mind Sports Ltd"]
[WhiteTeamCountry "ENG"]
[BlackTeamCountry "ENG"]

1. e4 c5 2. Nf3 Nc6 3. Bb5 g6 4. O-O Bg7 5. Bxc6 bxc6 6. Re1 Nf6 7. d3 O-O 8. c3 d6 9. h3 Qc7 10. Be3 Ba6 11. Qc2 Rab8 12. Nbd2 Nd7 13. Nf1 d5 14. Ng3 Qd6 15. e5 Nxe5 16. Nxe5 Bxe5 17. Bxc5 Qxc5 18. Rxe5 e6 {(=)} 19. Qd2 Qe7 20. Rae1 Qh4 21. d4 Rfc8 22. b4 Bc4 23. a4 Rc7 24. Rg5 Kf8 25. Rg4 Qf6 26. Qh6+ Ke7 27. Rf4 Qh8 28. Rxf7+ Kxf7 29. Qf4+ Kg8 30. Qxc7 Re8 31. Qd7 1-0

[Event "4NCL/2001-02/D3/MSL-SCS"]
[Site "Rd06-Birmingham"]
[Date "2002.01.20"]
[Round "6.3"]
[White "Almond, Richard JA"]
[Black "Habibi, Amir"]
[Result "1/2-1/2"]
[WhiteElo "2136"]
[BlackElo "2061"]
[PlyCount "89"]
[EventDate "2002.01.20"]
[EventType "team-match"]
[EventCountry "ENG"]
[SourceTitle "BritBase"]
[Source "John Saunders"]
[SourceDate "2024.10.24"]
[SourceVersion "1"]
[SourceVersionDate "2024.10.24"]
[SourceQuality "1"]
[WhiteTeam "Mind Sports Ltd"]
[BlackTeam "Southern Counties Stars"]
[WhiteTeamCountry "ENG"]
[BlackTeamCountry "ENG"]

1. d4 e6 2. c4 Nf6 3. Nc3 Bb4 4. Qc2 O-O 5. a3 Bxc3+ 6. Qxc3 b6 7. Bg5 Ba6 8. e3 d6 9. Bd3 Nbd7 10. Nf3 c5 11. O-O Qc7 12. Rac1 Rac8 13. Rfd1 Bb7 14. Nd2 Qb8 15. b4 h6 16. Bh4 cxd4 17. exd4 Nd5 18. Qb3 Nf4 19. Bf1 e5 20. Bg3 Nh5 21. Be2 Ndf6 22. d5 Nxg3 23. hxg3 b5 24. Nf1 bxc4 25. Rxc4 Rxc4 26. Bxc4 Nd7 27. Bb5 Nb6 28. Bc6 Rc8 29. Rc1 Qa8 30. b5 Nd7 31. Rd1 Nc5 32. Qb4 Qb8 33. Nd2 Qc7 34. Ne4 Nxe4 35. Qxe4 Rb8 36. a4 Qb6 37. Qb4 Bxc6 38. dxc6 Qxc6 39. Qxd6 Qxd6 40. Rxd6 Rb7 41. Rd8+ Kh7 42. Kf1 Kg6 43. Ke2 Kf6 44. Kd2 Rc7 45. Kd3 1/2-1/2

[Event "4NCL/2001-02/D3/MSL-SCS"]
[Site "Rd06-Birmingham"]
[Date "2002.01.20"]
[Round "6.4"]
[White "Lutton, E Josiah"]
[Black "Coleman, James"]
[Result "0-1"]
[WhiteElo "2031"]
[BlackElo "2137"]
[PlyCount "72"]
[EventDate "2002.01.20"]
[EventType "team-match"]
[EventCountry "ENG"]
[SourceTitle "BritBase"]
[Source "John Saunders"]
[SourceDate "2024.10.24"]
[SourceVersion "1"]
[SourceVersionDate "2024.10.24"]
[SourceQuality "1"]
[WhiteTeam "Southern Counties Stars"]
[BlackTeam "Mind Sports Ltd"]
[WhiteTeamCountry "ENG"]
[BlackTeamCountry "ENG"]

1. e4 e5 2. Nc3 Nf6 3. Bc4 Nc6 4. d3 Bb4 5. Nge2 d5 6. exd5 Nxd5 7. O-O Be6 8. Ne4 Be7 9. f4 exf4 10. Nxf4 Nxf4 11. Bxf4 Qd4+ 12. Kh1 Bxc4 13. dxc4 Qxe4 14. Qh5 O-O 15. Rae1 Qg6 16. Qb5 Bd6 17. Qxb7 Bxf4 18. Rxf4 Qd6 19. Ref1 Rab8 20. Qa6 Rxb2 21. c5 Qg6 22. h3 Rxc2 23. Rg4 Qe6 24. Qb7 Rb8 25. Qxc7 Rf8 26. Qb7 Rxc5 27. Rgf4 h6 28. Qb1 Re5 29. Rg4 Re8 30. Qb2 g6 31. Qc2 Re1 32. Rxe1 Qxe1+ 33. Kh2 Qe5+ 34. Kh1 Qf6 35. Re4 Rxe4 36. Qxe4 Qa1+ 0-1

[Event "4NCL/2001-02/D3/MSL-SCS"]
[Site "Rd06-Birmingham"]
[Date "2002.01.20"]
[Round "6.5"]
[White "Kelly, Paul J"]
[Black "Gosden, Raymond"]
[Result "1-0"]
[WhiteElo "1856"]
[BlackElo "1720"]
[PlyCount "82"]
[EventDate "2002.01.20"]
[EventType "team-match"]
[EventCountry "ENG"]
[SourceTitle "BritBase"]
[Source "John Saunders"]
[SourceDate "2024.10.24"]
[SourceVersion "1"]
[SourceVersionDate "2024.10.24"]
[SourceQuality "1"]
[WhiteTeam "Mind Sports Ltd"]
[BlackTeam "Southern Counties Stars"]
[WhiteTeamCountry "ENG"]
[BlackTeamCountry "ENG"]

1. e4 c5 2. Nf3 d6 3. c3 Nf6 4. g3 Nbd7 5. d3 g6 6. Na3 Bg7 7. Bg2 a6 8. Qe2 b5 9. Nc2 Bb7 10. Nd2 Qc7 11. O-O O-O 12. f4 e5 13. f5 d5 14. c4 bxc4 15. dxc4 d4 16. Ne1 h5 17. Nd3 Bh6 18. Nb3 Bxc1 19. Raxc1 Ng4 20. fxg6 fxg6 21. Rxf8+ Rxf8 22. Bh3 Ngf6 23. Rf1 Qd6 24. Bxd7 Nxd7 25. Rxf8+ Qxf8 26. Kg2 Qd6 27. h3 Qc6 28. Nf2 Ba8 29. Nc1 Nf6 30. Kf3 g5 31. g4 hxg4+ 32. hxg4 Nd7 33. Ncd3 Qg6 34. Qd2 Kg7 35. Qa5 Qf7+ 36. Kg3 Qxc4 37. Qd8 Bxe4 38. Qxd7+ Kf8 39. Qd8+ Kg7 40. Qe7+ Kh6 41. Nxe5 Qe2 1-0

[Event "4NCL/2001-02/D3/MSL-SCS"]
[Site "Rd06-Birmingham"]
[Date "2002.01.20"]
[Round "6.6"]
[White "Partington, Anna"]
[Black "Grigoryan, Meri"]
[Result "1-0"]
[WhiteElo "1784"]
[BlackElo "2036"]
[PlyCount "79"]
[EventDate "2002.01.20"]
[EventType "team-match"]
[EventCountry "ENG"]
[SourceTitle "BritBase"]
[Source "John Saunders"]
[SourceDate "2024.10.24"]
[SourceVersion "1"]
[SourceVersionDate "2024.10.24"]
[SourceQuality "1"]
[WhiteTeam "Southern Counties Stars"]
[BlackTeam "Mind Sports Ltd"]
[WhiteTeamCountry "ENG"]
[BlackTeamCountry "ENG"]

1. d4 d5 2. Nf3 Nf6 3. e3 Bf5 4. c4 e6 5. Qb3 Qc8 6. Nc3 c6 7. Bd2 Nbd7 8. Rc1 Be7 9. Nh4 Bg4 10. h3 Bh5 11. Nf3 Bxf3 12. gxf3 Nb6 13. cxd5 exd5 14. Bd3 Qd7 15. Ne2 O-O 16. Ng3 g6 17. h4 h5 18. Ke2 Kh8 19. Rcg1 Nc8 20. Qc2 Rg8 21. Bc3 Nd6 22. e4 Nb5 23. e5 Nxc3+ 24. bxc3 Qe6 25. Qd2 Nh7 26. f4 f5 27. Qc2 c5 28. Nxf5 gxf5 29. Bxf5 Qh6 30. Rg6 Qxf4 31. Rxg8+ Rxg8 32. Bxh7 Rg2 33. Kf1 Rg7 34. Bg6 Qg4 35. Rg1 Qh3+ 36. Ke2 Bxh4 37. Qd2 Kg8 38. Qh6 Qd7 39. Bf5 Qe7 40. Qh7+ {time} 1-0

[Event "4NCL/2001-02/D3/MSL-SCS"]
[Site "Rd06-Birmingham"]
[Date "2002.01.20"]
[Round "6.7"]
[White "Purdon, Colin"]
[Black "Lutton, J Arnold"]
[Result "1-0"]
[WhiteElo "2097"]
[BlackElo "1672"]
[PlyCount "51"]
[EventDate "2002.01.20"]
[EventType "team-match"]
[EventCountry "ENG"]
[SourceTitle "BritBase"]
[Source "John Saunders"]
[SourceDate "2024.10.24"]
[SourceVersion "1"]
[SourceVersionDate "2024.10.24"]
[SourceQuality "1"]
[WhiteTeam "Mind Sports Ltd"]
[BlackTeam "Southern Counties Stars"]
[WhiteTeamCountry "ENG"]
[BlackTeamCountry "ENG"]

1. d4 Nf6 2. c4 e5 3. dxe5 Ng4 4. e3 Nxe5 5. Nh3 Bc5 6. Nf4 d6 7. Be2 Bf5 8. O-O Nbd7 9. Nc3 Nf6 10. Na4 c6 11. Nd3 Bxd3 12. Bxd3 Nxd3 13. Qxd3 O-O 14. b3 Qe7 15. Bb2 Ne4 16. Nxc5 dxc5 17. Rad1 Rad8 18. Qe2 Qg5 19. f3 Nf6 20. Rd3 Rfe8 21. Rfd1 Nh5 22. f4 Qh4 23. Rxd8 Rxd8 24. Qxh5 Qe7 25. Rxd8+ Qxd8 26. Qe2 1-0

[Event "4NCL/2001-02/D3/MSL-SCS"]
[Site "Rd06-Birmingham"]
[Date "2002.01.20"]
[Round "6.8"]
[White "Miller, Naomi"]
[Black "Tuck, Jonathan"]
[Result "1-0"]
[WhiteElo "1368"]
[BlackElo "1952"]
[PlyCount "61"]
[EventDate "2002.01.20"]
[EventType "team-match"]
[EventCountry "ENG"]
[SourceTitle "BritBase"]
[Source "John Saunders"]
[SourceDate "2024.10.24"]
[SourceVersion "1"]
[SourceVersionDate "2024.10.24"]
[SourceQuality "1"]
[WhiteTeam "Southern Counties Stars"]
[BlackTeam "Mind Sports Ltd"]
[WhiteTeamCountry "ENG"]
[BlackTeamCountry "ENG"]

1. e4 c5 2. Nc3 Nc6 3. f4 g6 4. Bc4 Bg7 5. Nf3 e6 6. d3 Nge7 7. O-O d5 8. Bb3 a6 9. Qe1 O-O 10. a4 Nd4 11. Nxd4 cxd4 12. Ne2 dxe4 13. dxe4 Bd7 14. Qb4 Nc6 15. Qd6 Bf6 16. f5 Be5 17. Qc5 Qh4 18. Bf4 Bg7 19. fxg6 hxg6 20. Ng3 Rac8 21. Bg5 Qh8 22. Qd6 Ne5 23. Qb6 Bc6 24. Rf4 d3 25. c3 Nd7 26. Qf2 Be5 27. Rh4 Qg7 28. Rf1 Bxc3 29. bxc3 Qxc3 30. Be7 Qxb3 31. Bf6 1-0

[Event "4NCL/2001-02/D3/SWD2-GUI3"]
[Site "Rd06-Birmingham"]
[Date "2002.01.20"]
[Round "6.1"]
[White "Jones, Richard S"]
[Black "Hill, David F"]
[Result "1-0"]
[WhiteElo "2174"]
[BlackElo "2151"]
[PlyCount "52"]
[EventDate "2002.01.20"]
[EventType "team-match"]
[EventCountry "ENG"]
[SourceTitle "BritBase"]
[Source "John Saunders"]
[SourceDate "2024.10.24"]
[SourceVersion "1"]
[SourceVersionDate "2024.10.24"]
[SourceQuality "1"]
[WhiteTeam "South Wales Dragons 2"]
[BlackTeam "Guildford-ADC 3"]
[WhiteTeamCountry "WLS"]
[BlackTeamCountry "ENG"]

1. e4 e6 2. Nc3 c5 3. g3 d5 4. exd5 exd5 5. d4 cxd4 6. Qxd4 Nf6 7. Bg5 Be7 8. Bg2 Nc6 9. Qd2 O-O 10. O-O-O Qa5 11. Bxf6 Bxf6 12. Bxd5 Bxc3 13. Qxc3 Qxc3 14. bxc3 Re8 15. Nf3 Be6 16. Bxe6 Rxe6 17. Rd7 Re7 18. Rxe7 Nxe7 19. Rd1 Kf8 20. Kb2 Ke8 21. c4 Rc8 22. Kb3 Rc6 23. Nd4 Rb6+ 24. Kc3 Ra6 25. Nb5 Nc6 26. Nc7+ Ke7 1-0

[Event "4NCL/2001-02/D3/SWD2-GUI3"]
[Site "Rd06-Birmingham"]
[Date "2002.01.20"]
[Round "6.2"]
[White "Singleton, Michael Peter F"]
[Black "Morris, Charles F"]
[Result "1/2-1/2"]
[WhiteElo "2080"]
[BlackElo "2253"]
[PlyCount "68"]
[EventDate "2002.01.20"]
[EventType "team-match"]
[EventCountry "ENG"]
[SourceTitle "BritBase"]
[Source "John Saunders"]
[SourceDate "2024.10.24"]
[SourceVersion "1"]
[SourceVersionDate "2024.10.24"]
[SourceQuality "1"]
[WhiteTeam "Guildford-ADC 3"]
[BlackTeam "South Wales Dragons 2"]
[WhiteTeamCountry "ENG"]
[BlackTeamCountry "WLS"]

1. d4 e6 2. c4 Nf6 3. Nc3 d5 4. Bg5 Be7 5. e3 O-O 6. Nf3 Nbd7 7. Rc1 c6 8. Bd3 dxc4 9. Bxc4 Nd5 10. Bxe7 Qxe7 11. O-O N5b6 12. Bb3 e5 13. e4 exd4 14. Nxd4 Ne5 15. Qe2 c5 16. Nf5 Bxf5 17. exf5 c4 18. Bc2 Rfe8 19. Qh5 Nd3 20. Rcd1 Rad8 21. b3 Qe5 22. Nb1 Nf4 23. Qf3 Rxd1 24. Bxd1 Qxf5 25. bxc4 Qxb1 26. Qxf4 Qxa2 27. c5 Nc4 28. Bf3 Nd2 29. Rd1 Nxf3+ 30. Qxf3 Qd2 31. Kf1 Qb4 32. Qd5 Qb5+ 33. Rd3 Qb1+ 34. Rd1 Qb5+ 1/2-1/2

[Event "4NCL/2001-02/D3/SWD2-GUI3"]
[Site "Rd06-Birmingham"]
[Date "2002.01.20"]
[Round "6.3"]
[White "Blackburn, Jonathan LB"]
[Black "Smart, Michael"]
[Result "1/2-1/2"]
[WhiteElo "2162"]
[BlackElo "1960"]
[PlyCount "116"]
[EventDate "2002.01.20"]
[EventType "team-match"]
[EventCountry "ENG"]
[SourceTitle "BritBase"]
[Source "John Saunders"]
[SourceDate "2024.10.24"]
[SourceVersion "1"]
[SourceVersionDate "2024.10.24"]
[SourceQuality "1"]
[WhiteTeam "South Wales Dragons 2"]
[BlackTeam "Guildford-ADC 3"]
[WhiteTeamCountry "WLS"]
[BlackTeamCountry "ENG"]

1. d4 Nf6 2. c4 c5 3. d5 e6 4. Nc3 exd5 5. cxd5 d6 6. g3 g6 7. Bg2 Bg7 8. e4 O-O 9. Nge2 Bg4 10. h3 Bxe2 11. Qxe2 Re8 12. O-O a6 13. a4 Nbd7 14. Qc2 c4 15. Be3 Rc8 16. f4 Nc5 17. Bxc5 Rxc5 18. Rae1 b5 19. axb5 axb5 20. e5 Nd7 21. Ne4 dxe5 22. Nxc5 Nxc5 23. fxe5 Nd3 24. Rd1 Qb6+ 25. Kh2 Bxe5 26. Rxd3 cxd3 27. Qxd3 b4 28. b3 Rc8 29. Qf3 f6 30. Rd1 Rc3 31. Rd3 Rc1 32. Rd1 Rc3 33. Rd3 Qd6 34. h4 h5 35. Bf1 Rc2+ 36. Bg2 Kg7 37. Qe3 Ra2 38. Qe1 Ra1 39. Qe2 Rb1 40. Qc2 Rb2 41. Qc4 g5 42. Qe4 Bxg3+ 43. Rxg3 Rxb3 44. Bf3 g4 45. Kh1 Kf8 46. Qg6 Qxg3 47. Qxf6+ Ke8 48. Qc6+ Kd8 49. Qf6+ {(=)} Kc7 50. Qc6+ Kb8 51. Qb6+ Ka8 52. Qa6+ Kb8 53. Qb6+ Kc8 54. Qa6+ Kd7 55. Qe6+ Kc7 56. Qc6+ {(=)} Kd8 57. Qf6+ Kc8 58. Qa6+ Kd7 1/2-1/2